Political Quiz - Statistics

General Stats
  • This quiz has been taken 94 times
    82 since last reset
  • The average score is 8 of 15
Answer Stats
Question Answer % Correct
Does the USA have a monarchy? No
95%
The UK has three major political parties. What party is represented by the colour red? Labour
91%
Former French President Jacques Chirac was Prime Minister how many times? Two
87%
Who won the 1976 USA Presidential elections? Jimmy Carter
80%
What party did Former President Calvin Coolidge represent? Republican
73%
Matteo Renzi is the Prime Minister of which country? Italy
71%
What does NATO stand for? North Atlantic Treaty Organization
64%
Where are NATO's headquarters? Brussels, Belgium
48%
Which UK monarch was reigning when Edward Heath was appointed Prime Minister? Queen Elizabeth II
43%
What month did Cristina Fernández de Kirchner assume office? December
41%
Helen Clark was the former Prime Minister of which country? New Zealand
40%
Narendra Modi was Chief Minister of which Indian state? Gujarat
15%
Who was the first Secretary-General of the United Nations? Trygve Halvdan Lie
5%
What is the Official Residence of the Prime Minister of Japan called? Sōri Daijin Kantei
1%
Who was First Vice President of Sudan from 2011 to 2013? Ali Osman Mohammed Taha
0%
No matching quizzes found
Score Distribution
Percent of People with Each Score
Percentile by Number Answered
Your Score History
You have not taken this quiz since the last reset